00651nam a22002057a 4500003000500000005001700005008004100022010001000063011001000073035001000083040000900093082001700102100002900119245008500148260007700233300002000310490005100330650001300381830005100394CHAP20220329134000.0971013s1984 r 00010 d a13583 a14555 a18629 cCHAP a972.014bC3800aCastillo F., Víctor M. aEstructura económica de la sociedad mexicab: según las fuentes documentales aMéxico, D.F. :bUNAM. Instituto de Investigaciones Históricas,c1984 a193 p.b: ilus. aSerie de cultura nahuátl. Monografíav; 1314aAztecas.0 aSerie de cultura nahuátl. Monografíav; 13